| 000 | 00000nam 2200000za 4500 |
| 001 | 9.851724 |
| 003 | CaOODSP |
| 005 | 20221107154431 |
| 007 | cr ||||||||||| |
| 008 | 180226t20182014onc ob f000 0 eng d |
| 020 | |a9780660251356 |
| 040 | |aCaOODSP|beng |
| 043 | |an-cn--- |
| 086 | 1 |aHP40-208/2018E-PDF |
| 245 | 00|aLiterature review on immunization in pregnancy with tetanus toxoid, reduced diphtheria toxoid and reduced acellular pertussis (Tdap) vaccine |h[electronic resource] : |bsafety, immunogenicity and effectiveness. |
| 246 | 1 |iAt head of title: |aAdvisory committee review, National Advisory Committee on Immunization (NACI) |
| 260 | |a[Ottawa] : |bPublic Health Agency of Canada, |c2018, c2014. |
| 300 | |a114 p. |
| 500 | |aIssued also in French under title: Revue documentaire sur l’immunisation durant la grossesse par le vaccin combiné anti-Tétanos, et à dose réduite contre la diphtérie et la coqueluche acellulaire (dcaT) : innocuité, immunogénicité et efficacité. |
| 500 | |aCover title. |
| 500 | |a"Publication date: February 2018." |
| 500 | |aPrepared by: O. Baclic ... [et al.]. Cf. Acknowledgements. |
| 504 | |aIncludes bibliographical references (p. 27-32). |
| 692 | 07|2gccst|aImmunization |
| 692 | 07|2gccst|aPregnancy |
| 693 | 4|aWhooping cough |
| 700 | 1 |aBaclic, Oliver. |
| 710 | 1 |aCanada. |bNational Advisory Committee on Immunization. |
| 710 | 2 |aPublic Health Agency of Canada. |
| 775 | 08|tRevue documentaire sur l’immunisation durant la grossesse par le vaccin combiné anti-Tétanos, et à dose réduite contre la diphtérie et la coqueluche acellulaire (dcaT) |w(CaOODSP)9.851725 |
| 856 | 40|qPDF|s887 KB|uhttps://publications.gc.ca/collections/collection_2018/aspc-phac/HP40-208-2018-eng.pdf |
| 986 | |a170470 |